|
|
|
|
| LEADER |
00000nam a2200000 a 4500 |
| 001 |
UCY7466 |
| 003 |
CL-VaPUC |
| 008 |
950614e19940000CL |||||||||||||||||eng|d |
| 041 |
0 |
7 |
|a eng
|2 CL-VaPUC
|
| 041 |
0 |
7 |
|a spa
|2 CL-VaPUC
|
| 082 |
0 |
4 |
|a 720.92
|b MON
|2 21
|
| 100 |
|
|
|a Montealegre, Alberto
|e autor
|9 337984
|
| 245 |
1 |
0 |
|a Emilio Duhart arquitecto
|
| 300 |
|
|
|a 207 p
|
| 942 |
|
|
|c BK
|
| 945 |
|
|
|d 19950614 00:00:00
|a rbrito
|
| 260 |
|
|
|a Santiago
|b ARQ
|c 1994
|
| 600 |
0 |
7 |
|a DUHART, EMILIO
|2 CL-VaPUC
|9 337985
|
| 650 |
|
0 |
|a Arquitectura
|9 804558
|
| 650 |
|
0 |
|a Arquitectos
|9 268647
|
| 650 |
|
7 |
|a PLANIFICACION AMBIENTAL
|2 CL-VaPUC
|9 337987
|
| 650 |
|
7 |
|a ENSEÑANZA DE LA ARQUITECTURA
|2 CL-VaPUC
|9 337988
|
| 650 |
|
0 |
|a Diseño arquitectónico
|9 265271
|
| 650 |
|
0 |
|a Planificación urbana
|9 258176
|
| 650 |
|
0 |
|a Ingeniería de la construcción
|9 337989
|
| 583 |
|
|
|a last modification
|c 20190801 09:03:03
|k Rodrigo Vera
|
| 999 |
|
|
|c 234840
|d 234838
|
| 952 |
|
|
|0 0
|1 0
|4 0
|6 720_920000000000000_MON_1994
|7 0
|8 A
|9 241588
|a BIBARQ
|b BIBARQ
|d 2019-11-18
|i 3061493
|l 7
|m 3
|o 720.92 MON 1994
|p 3061493
|r 2025-01-20
|s 2024-08-29
|w 2019-11-18
|y BK
|k ARQ
|